000
00310nam a2200133Ia 4500
008
230511s1971 xx 000 0 und d
041
_a
eng
082
_a
346.066
100
_a
FHJ Wileman
245
_a
Company Law
260
_a
New Delhi
_b
Pitman Series
_c
1971
300
_a
102
906
_a
Company Law
999
_c
353840
_d
353840